Rozpoznaj stadion w Polsce po zdjęciu - Statystyki

Ogólne statystyki
  • Ten quiz został rozwiązany 2 685 razy
  • Średni wynik to 8 z 16
Statystyki odpowiedzi
Obrazkowy Odpowiedź % Poprawnych
Stadion Narodowy im. Kazimierza Górskiego w Warszawie
100%
Stadion Śląski
66%
Stadion w Gdańsku
63%
Stadion miejski w Krakowie
60%
Stadion Wojska Polskiego w Warszawie
59%
Enea Stadion
57%
Stadion Miejski we Wrocławiu
53%
Chorten Arena
46%
Stadion Widzewa Łódź
46%
Zondacrypto Arena
46%
Stadion Gdańskiego Ośrodka Sportu
45%
Stadion Miejski w Łodzi
44%
Stadion miejski w Gdyni
41%
Stadion Cracovii
37%
Stadion miejski w Szczecinie
32%
Arena Lublin
21%
Nie znaleziono quizów pasujących do podanych kryteriów
Rozkład punktacji
Procent ludzi z każdym wynikiem
Percentyl według liczby udzielonych odpowiedzi
Twoja historia wyników
Nie rozwiązałeś tego quizu